| 000 | 00352 a2200133 4500 | ||
|---|---|---|---|
| 001 | 92264 | ||
| 082 | _aPR 2510 | ||
| 090 |
_c44209 _d44208 |
||
| 100 | _aFarzam Abbas; Prof Shoaib Arif (Advisor) | ||
| 245 |
_aSmart Network for Battlefield Scenario _n77 "B" EC |
||
| 260 |
_aIslamabad _bNUST _c2014 |
||
| 300 | _axii,57p. | ||
| 500 | _aBE Project Reports | ||
| 942 |
_aCAE NUST _kPR 2510 |
||
| 999 |
_c327337 _d327337 |
||